Transavia Airline Destinations - Statistics

General Stats
  • This quiz has been taken 25 times
  • The average score is 63 of 94
Answer Stats
Hint Answer % Correct
The Netherlands Amsterdam
100%
Belgium Brussels
100%
Denmark Copenhagen
100%
Portugal Lisbon
100%
United Kingdom London (Stansted)
100%
Norway Oslo
100%
Czech Republic Prague
100%
Iceland Reykjavik
100%
The Netherlands Rotterdam
100%
The Netherlands Eindhoven
94%
France Nice
94%
Portugal Porto
94%
Morocco Marrakech
89%
Italy Rome
89%
Spain Tenerife (South)
89%
Spain Barcelona
83%
Italy Bari
83%
Spain BIlbao
83%
Morocco Casablanca
83%
Portugal Funchal
83%
Italy Palermo
83%
Spain Seville
83%
Spain Valencia
83%
Spain Alicante
78%
Spain Lanzarote
78%
Portugal Faro
78%
Morocco Fez
78%
Spain Gran Canaria
78%
Spain Malaga
78%
Spain Palma De Mallorca
78%
Norway Tromso
78%
Morocco Agadir
72%
Turkey Antalya
72%
Greece Athens
72%
Italy Brindisi
72%
Egypt Cairo
72%
Italy Catania
72%
Austria Innsbruck
72%
Spain Fuerteventura
72%
Spain Ibiza
72%
Italy Olbia
72%
Italy Pisa
72%
Morocco Rabat
72%
Italy Alghero
67%
France Bastia
67%
Lebanon Beirut
67%
Italy Bologna
67%
Greece Chania
67%
Croatia Dubrovnik
67%
Greece Heraklion
67%
Slovenia Ljubljana
67%
Spain Menorca
67%
Portugal Ponta Delgada
67%
Austria Salzburg
67%
North Macedonia Skopje
67%
Croatia Split
67%
Albania Tirana
67%
Spain Almeria
61%
Egypt Sharm El Sheikh
61%
Greece Thessaloniki
61%
Croatia Zadar
61%
Bulgaria Burgas
56%
Greece Corfu
56%
Italy Bergamo
56%
Egypt Hurghada
56%
Greece Kefalonia
56%
Greece Kos
56%
Cypus Larnaca
56%
Egypt Marsa Alam
56%
Cyprus Paphos
56%
Croatia Pula
56%
Greece Rhodes
56%
Greece Samos
56%
Greece Santorini
56%
Italy Verona
56%
Greece Zakynthos
56%
Spain Girona
50%
Greece Kalamata
50%
Greece Mykonos
50%
Morocco Oujda
50%
Greece Skiathos
50%
Georgia Tbilisi
50%
Spain Granada
44%
Morocco Nador
44%
Italy Perugia
44%
Morocco Al Hoceima
39%
Greece Preveza
39%
Italy Trieste
39%
Greece Karpathos
33%
France Bergerac
28%
Italy Napoli
28%
Turkey Mytilene
22%
France Toulon
22%
Spain Santa Cruz de La Palma
17%
No matching quizzes found
Score Distribution
Percent of People with Each Score
Percentile by Number Answered
Your Score History
You have not taken this quiz